000 00452nam a2200181Ia 4500
001 18312
005 20260306171621.0
008 260306s9999||||xx |||||||||||||| ||und||
041 _aESP
082 _a658.403
_bE86
100 _aEspíndola Castro, José Luis
_eAUT
245 0 _aAnálisis de problemas y toma de decisiones
260 _c1999
300 _a140 páginas :
_c26 cm.
650 _aGEN
654 _aCAN
942 _cLIB
_dJUS
_fJUS
_2ddc
_n
999 _c18312
_d18312